[Event "Oberliga Ost A 2017 2018"]
[Site "Germany"]
[Date "2018.04.14"]
[Round "10.8"]
[White "Nguyen, Alex Dac Vuong"]
[Black "Hentzgen, Thomas"]
[Result "1-0"]
[WhiteElo "2012"]
[BlackElo "2037"]
[PlyCount "91"]
[EventDate "2017.10.22"]
[EventType "team-tourn"]
[EventCountry "GER"]
[WhiteTeam "Leipzig SG II"]
[BlackTeam "Halle USV"]
[WhiteTeamCountry "GER"]
[BlackTeamCountry "GER"]

1. e4 c5 2. Nf3 Nc6 3. c3 Nf6 4. e5 Nd5 5. d4 cxd4 6. cxd4 d6 7. Bc4 dxe5 8.
Nxe5 e6 9. Nxc6 bxc6 10. O-O Be7 11. Nc3 O-O 12. Nxd5 exd5 13. Bd3 Qd6 14. Be3
a5 15. Re1 Ba6 16. Bc2 Qf6 17. a3 Bd6 18. Rc1 Rfb8 19. Qd2 Qh4 20. g3 Qh3 21.
Bd1 Bc4 22. Rc3 a4 23. Be2 Bxe2 24. Rxe2 Rb6 25. Bf4 Qd7 26. Bxd6 Qxd6 27. Rce3
Rf8 28. Qa5 Qb8 29. Qxa4 Rxb2 30. Qxc6 Rxe2 31. Rxe2 Qb3 32. Qc1 g6 33. Re3 Qb7
34. Qe1 h5 35. Re8 Qc6 36. Rxf8+ Kxf8 37. h4 Qc2 38. Qb4+ Kg7 39. a4 Qa2 40. a5
Kf6 41. Qb6+ Kf5 42. a6 Ke4 43. a7 Kd3 44. Qb7 Qa1+ 45. Kh2 Qxd4 46. Qxf7 1-0

[Event "Oberliga Ost A 2017 2018"]
[Site "Germany"]
[Date "2018.04.14"]
[Round "10.1"]
[White "Schmidt Schaeffer, Sebastian"]
[Black "Natsidis, Christoph"]
[Result "1-0"]
[WhiteElo "2373"]
[BlackElo "2335"]
[PlyCount "67"]
[EventDate "2017.10.22"]
[EventType "team-tourn"]
[EventCountry "GER"]
[WhiteTeam "Naumburger SV"]
[BlackTeam "Leipzig SG"]
[WhiteTeamCountry "GER"]
[BlackTeamCountry "GER"]

1. d4 Nf6 2. Nd2 d5 3. e3 g6 4. Bd3 Bg7 5. f4 c5 6. c3 O-O 7. Ngf3 b6 8. Qe2
Bb7 9. O-O Nbd7 10. a4 Qc7 11. Ne5 Ne8 12. a5 Rd8 13. h4 Nxe5 14. fxe5 f6 15.
axb6 axb6 16. h5 fxe5 17. hxg6 Rxf1+ 18. Nxf1 e4 19. gxh7+ Kh8 20. Ba6 Ba8 21.
Bd2 e5 22. dxc5 bxc5 23. c4 d4 24. Ba5 Qd6 25. Bxd8 Qxd8 26. Qg4 Nd6 27. Bc8
Bc6 28. Ra7 Qf8 29. Be6 Bb7 30. b3 Qb8 31. Ra2 Qe8 32. Bd7 Qb8 33. Qe6 Kxh7 34.
g4 1-0

[Event "Oberliga Ost A 2017 2018"]
[Site "Germany"]
[Date "2018.04.14"]
[Round "10.2"]
[White "Schubert, Thomas"]
[Black "Heinrich, Julius Tobias"]
[Result "1-0"]
[WhiteElo "2320"]
[BlackElo "2129"]
[PlyCount "57"]
[EventDate "2017.10.22"]
[EventType "team-tourn"]
[EventCountry "GER"]
[WhiteTeam "Leipzig SG"]
[BlackTeam "Naumburger SV"]
[WhiteTeamCountry "GER"]
[BlackTeamCountry "GER"]

1. Nf3 e6 2. c4 d5 3. b3 Nf6 4. Bb2 c5 5. cxd5 exd5 6. g3 Bd6 7. Bg2 O-O 8. O-O
Bf5 9. d3 Nc6 10. Nbd2 Re8 11. Re1 Rc8 12. e4 dxe4 13. dxe4 Bg4 14. Nc4 Bc7 15.
e5 Nd5 16. h3 Bh5 17. Qd2 b5 18. Nd6 Bxd6 19. exd6 Qxd6 20. g4 Bg6 21. Nh4
Rxe1+ 22. Rxe1 Nce7 23. Rxe7 Qxe7 24. Nxg6 hxg6 25. Bxd5 Kh7 26. Qc3 f5 27. Be6
Rd8 28. Qe3 Kh8 29. Qh6# 1-0

[Event "Oberliga Ost A 2017 2018"]
[Site "Germany"]
[Date "2018.04.14"]
[Round "10.3"]
[White "Gering, Samuel"]
[Black "Hoffmann, Hendrik"]
[Result "1-0"]
[WhiteElo "2087"]
[BlackElo "2298"]
[PlyCount "95"]
[EventDate "2017.10.22"]
[EventType "team-tourn"]
[EventCountry "GER"]
[WhiteTeam "Naumburger SV"]
[BlackTeam "Leipzig SG"]
[WhiteTeamCountry "GER"]
[BlackTeamCountry "GER"]

1. d4 d5 2. c4 dxc4 3. Nc3 e5 4. d5 Nf6 5. Bg5 Be7 6. Bxf6 Bxf6 7. e4 O-O 8.
Bxc4 c6 9. Nf3 cxd5 10. Nxd5 Nc6 11. O-O Bg4 12. h3 Bh5 13. Qd3 Qd6 14. a3 Rac8
15. Rac1 Bxf3 16. Qxf3 Bg5 17. Rcd1 Nd4 18. Qd3 Qc5 19. Bb3 a6 20. Kh1 Ne6 21.
Qc3 Qb5 22. Qb4 Qe2 23. Nb6 Rcd8 24. Bd5 Nf4 25. Rde1 Qh5 26. Qb3 Rd6 27. Nc4
Rh6 28. Nxe5 Nxd5 29. Qxd5 Rd8 30. Qxb7 Bf4 31. Nf3 Qg4 32. Ng1 Qg5 33. Qb3 Rb8
34. Qc2 Rg6 35. g3 h5 36. Ne2 Bd6 37. f4 Qb5 38. b4 Qd7 39. Kg2 Rc8 40. Qd3 Qb7
41. Rf3 Be7 42. Nc3 Rgc6 43. Nd5 Bf8 44. Re2 Rc1 45. Rf1 R1c4 46. Qf3 Re8 47.
Rfe1 g6 48. Nf6+ 1-0

[Event "Oberliga Ost A 2017 2018"]
[Site "Germany"]
[Date "2018.04.14"]
[Round "10.4"]
[White "Boehnisch, Manfred"]
[Black "Fritsch, Andreas"]
[Result "0-1"]
[WhiteElo "2297"]
[BlackElo "2102"]
[PlyCount "80"]
[EventDate "2017.10.22"]
[EventType "team-tourn"]
[EventCountry "GER"]
[WhiteTeam "Leipzig SG"]
[BlackTeam "Naumburger SV"]
[WhiteTeamCountry "GER"]
[BlackTeamCountry "GER"]

1. e4 Nc6 2. Nc3 Nf6 3. Bb5 Nd4 4. Bc4 d6 5. d3 g6 6. Nge2 Nxe2 7. Qxe2 Bg7 8.
f4 e6 9. Bd2 a6 10. a4 c6 11. a5 d5 12. Bb3 O-O 13. O-O Nd7 14. Qf2 Nf6 15. h3
Nd7 16. Kh1 f5 17. Na4 Rf7 18. Bb4 Nf6 19. Nb6 Rb8 20. e5 Ne8 21. c4 h6 22.
Rae1 Kh7 23. cxd5 cxd5 24. Bxd5 exd5 25. e6 Bxe6 26. Rxe6 Nc7 27. Rd6 Qh8 28.
Qg3 Bf6 29. Bc3 Rd8 30. Bxf6 Rxf6 31. Rd7+ Rxd7 32. Nxd7 Re6 33. Rc1 Nb5 34.
Rc5 Rd6 35. Qe3 Rxd7 36. Qe6 Qg7 37. Rxd5 Rxd5 38. Qxd5 Qc7 39. Qf3 Nd4 40. Qe3
Nb3 0-1

[Event "Oberliga Ost A 2017 2018"]
[Site "Germany"]
[Date "2018.04.14"]
[Round "10.5"]
[White "Haertig, Jens"]
[Black "Roesemann, Rainer"]
[Result "0-1"]
[WhiteElo "2140"]
[BlackElo "2208"]
[PlyCount "60"]
[EventDate "2017.10.22"]
[EventType "team-tourn"]
[EventCountry "GER"]
[WhiteTeam "Naumburger SV"]
[BlackTeam "Leipzig SG"]
[WhiteTeamCountry "GER"]
[BlackTeamCountry "GER"]

1. d4 Nf6 2. c4 e6 3. Nf3 b6 4. a3 Bb7 5. Nc3 Be7 6. d5 O-O 7. e4 exd5 8. cxd5
Re8 9. Be2 Bd6 10. Nd2 Be5 11. f3 c6 12. d6 Bxd6 13. Nc4 Bc7 14. Nd6 Bxd6 15.
Qxd6 Re6 16. Qd1 d5 17. Bg5 Nbd7 18. O-O h6 19. Bh4 Qf8 20. exd5 Nxd5 21. Nxd5
cxd5 22. Rc1 Rc8 23. Rxc8 Qxc8 24. Bd3 Re8 25. Bf5 Qc6 26. Bxd7 Qxd7 27. Qd4
Rc8 28. Rd1 Qb5 29. Be1 Rc4 30. Qd3 Qxb2 0-1

[Event "Oberliga Ost A 2017 2018"]
[Site "Germany"]
[Date "2018.04.14"]
[Round "10.6"]
[White "Rausch, Stephan"]
[Black "Roessler, Bernd"]
[Result "1/2-1/2"]
[WhiteElo "2229"]
[BlackElo "2032"]
[PlyCount "112"]
[EventDate "2017.10.22"]
[EventType "team-tourn"]
[EventCountry "GER"]
[WhiteTeam "Leipzig SG"]
[BlackTeam "Naumburger SV"]
[WhiteTeamCountry "GER"]
[BlackTeamCountry "GER"]

1. d4 Nf6 2. Nf3 c6 3. c3 d5 4. Bg5 Ne4 5. Bf4 Bf5 6. Nbd2 e6 7. Nxe4 Bxe4 8.
Nd2 Bg6 9. g3 Bd6 10. Bxd6 Qxd6 11. Qb3 Qc7 12. Bg2 O-O 13. O-O Nd7 14. Rac1 b5
15. e4 Nf6 16. Rfe1 Rfe8 17. exd5 exd5 18. a4 a6 19. Qa3 Rab8 20. Nb3 bxa4 21.
Nc5 Qb6 22. Nxa4 Qb5 23. Rxe8+ Rxe8 24. Nc5 Qe2 25. b4 Ng4 26. Rf1 Bd3 27. Qc1
Bb5 28. Qd1 f5 29. h3 Nf6 30. Qxe2 Bxe2 31. Re1 Kf7 32. Bf1 Bxf1 33. Kxf1 Ne4
34. Nxe4 fxe4 35. Ra1 Ra8 36. f3 exf3 37. Kf2 Ke6 38. Kxf3 Kd6 39. Ke3 Kc7 40.
Kd3 Kb6 41. Rf1 Ra7 42. Rf8 Re7 43. Rb8+ Kc7 44. Rh8 Rf7 45. Ke3 h6 46. g4 Kb6
47. Rb8+ Kc7 48. Rg8 Kb6 49. h4 a5 50. bxa5+ Kxa5 51. g5 hxg5 52. hxg5 Kb6 53.
g6 Re7+ 54. Kf4 Kc7 55. Kf5 Kd6 56. Rd8+ Kc7 1/2-1/2

[Event "Oberliga Ost A 2017 2018"]
[Site "Germany"]
[Date "2018.04.14"]
[Round "10.7"]
[White "Will, Matthias"]
[Black "Schultz, Andreas"]
[Result "0-1"]
[WhiteElo "2025"]
[BlackElo "2215"]
[PlyCount "50"]
[EventDate "2017.10.22"]
[EventType "team-tourn"]
[EventCountry "GER"]
[WhiteTeam "Naumburger SV"]
[BlackTeam "Leipzig SG"]
[WhiteTeamCountry "GER"]
[BlackTeamCountry "GER"]

1. Nf3 d5 2. c4 e6 3. b3 Nf6 4. Bb2 Be7 5. g3 c5 6. Bg2 O-O 7. O-O Nc6 8. cxd5
Nxd5 9. Nc3 Bf6 10. Na4 b6 11. d4 cxd4 12. Nxd4 Nxd4 13. Bxd4 Ba6 14. Re1 Rc8
15. e3 Nb4 16. Be4 Bxd4 17. exd4 Qd6 18. a3 Nd5 19. Qd2 Rfd8 20. Red1 Rc7 21.
b4 Bb5 22. Nb2 Nc3 23. Re1 Qxd4 24. Qxd4 Rxd4 25. Rac1 Ne2+ 0-1

[Event "Oberliga Ost A 2017 2018"]
[Site "Germany"]
[Date "2018.04.14"]
[Round "10.8"]
[White "Braun, Gottfried"]
[Black "Packroff, Hermann"]
[Result "1-0"]
[WhiteElo "2220"]
[BlackElo "2183"]
[PlyCount "163"]
[EventDate "2017.10.22"]
[EventType "team-tourn"]
[EventCountry "GER"]
[WhiteTeam "Leipzig SG"]
[BlackTeam "Naumburger SV"]
[WhiteTeamCountry "GER"]
[BlackTeamCountry "GER"]

1. e4 e5 2. Nf3 Nc6 3. Nc3 Nf6 4. Bb5 Nd4 5. Nxd4 exd4 6. e5 dxc3 7. exf6 Qxf6
8. dxc3 Bc5 9. Qe2+ Qe7 10. O-O Qxe2 11. Bxe2 O-O 12. Bf4 d6 13. Rfe1 Bd7 14.
Bf3 Bc6 15. Bxc6 bxc6 16. a4 a5 17. Be3 Bb6 18. Re2 Rfe8 19. Rae1 Kf8 20. Bd4
f6 21. Kf1 Rxe2 22. Rxe2 Re8 23. Rxe8+ Kxe8 24. Ke2 Ke7 25. Kd3 g6 26. c4 Ke6
27. c3 c5 28. Be3 f5 29. f3 Ke5 30. g3 Ke6 31. Bg5 Ke5 32. Ke3 c6 33. Bf4+ Ke6
34. Kd3 Ke7 35. Be3 Bc7 36. Bd2 Bb6 37. b4 Ke6 38. Be3 Kd7 39. g4 Ke6 40. Bf2
Kd7 41. Be3 Ke6 42. b5 cxb5 43. cxb5 d5 44. Bf4 fxg4 45. fxg4 h5 46. h3 hxg4
47. hxg4 Kf6 48. c4 Ke6 49. Bb8 d4 50. Ke4 Kf6 51. Bf4 Ke6 52. Be5 Kd7 53. Kd5
Ba7 54. Bg7 Bb6 55. Bh6 Ba7 56. Bg5 Bb6 57. Bd2 d3 58. Bc3 Bd8 59. Ke4 Ke6 60.
Kxd3 Bb6 61. Ke4 Bc7 62. Bg7 Bb6 63. Be5 Bd8 64. Bb8 Bb6 65. g5 Bd8 66. Kf4 Bb6
67. Be5 Kd7 68. Ke4 Ke6 69. Bb8 Bd8 70. Ba7 Kd6 71. Kf4 Be7 72. Bb8+ Kd7 73.
Be5 Bd8 74. Bf6 Bc7+ 75. Ke4 Ke6 76. Bg7 Bd8 77. Bc3 Bc7 78. Bd2 Bd8 79. Bf4
Bb6 80. Bb8 Bd8 81. Ba7 Kd6 82. Kf4 1-0

[Event "Oberliga Ost A 2017 2018"]
[Site "Germany"]
[Date "2018.04.15"]
[Round "11.1"]
[White "Cerveny, Martin"]
[Black "Wegener, Dirk"]
[Result "0-1"]
[WhiteElo "2381"]
[BlackElo "2373"]
[PlyCount "90"]
[EventDate "2017.10.22"]
[EventType "team-tourn"]
[EventCountry "GER"]
[WhiteTeam "Aue ESV Nickelhuette II"]
[BlackTeam "Dresden USV TU II"]
[WhiteTeamCountry "GER"]
[BlackTeamCountry "GER"]

1. d4 Nf6 2. Bg5 d5 3. Bxf6 gxf6 4. e3 c5 5. c3 Qb6 6. Qc2 Nc6 7. Nd2 cxd4 8.
exd4 e5 9. Ne2 Be6 10. Qb3 Qc7 11. g3 O-O-O 12. Bg2 Bg4 13. Bf3 h5 14. Bxg4+
hxg4 15. Nf1 exd4 16. cxd4 Qa5+ 17. Kd1 Bh6 18. Ne3 Rde8 19. Rc1 Re4 20. Rc3
Rhe8 21. a4 R8e6 22. Kc1 Kb8 23. Rd1 Qb4 24. Qxd5 Qxa4 25. Ra3 Rxe3 26. fxe3
Bxe3+ 27. Rxe3 Qa1+ 28. Kd2 Qxb2+ 29. Ke1 Rxe3 30. Rd2 Qb4 31. Qc5 Qxc5 32.
dxc5 Re5 33. Rd7 Kc8 34. Rd6 f5 35. Kd2 Rxc5 36. Rf6 a5 37. Nc3 Ne5 38. Na4 Rb5
39. Kc3 Rb4 40. Nb6+ Kd8 41. Nd5 Rc4+ 42. Kb3 a4+ 43. Ka3 b5 44. Rxf5 Re4 45.
Nc3 b4+ 0-1

[Event "Oberliga Ost A 2017 2018"]
[Site "Germany"]
[Date "2018.04.15"]
[Round "11.2"]
[White "Kukel, Imre"]
[Black "Wichmann, Cliff"]
[Result "1/2-1/2"]
[WhiteElo "2253"]
[BlackElo "2297"]
[PlyCount "83"]
[EventDate "2017.10.22"]
[EventType "team-tourn"]
[EventCountry "GER"]
[WhiteTeam "Dresden USV TU II"]
[BlackTeam "Aue ESV Nickelhuette II"]
[WhiteTeamCountry "GER"]
[BlackTeamCountry "GER"]

1. e4 e6 2. d4 d5 3. Nc3 Nf6 4. e5 Nfd7 5. f4 c5 6. Nf3 Nc6 7. Be3 Be7 8. Qd2
O-O 9. dxc5 Qa5 10. O-O-O b6 11. Bb5 Bb7 12. cxb6 axb6 13. Nd4 Rfc8 14. Nb3 Qa7
15. Qf2 Nc5 16. Nd4 Nb4 17. a4 Ba6 18. Kd2 Bxb5 19. axb5 Na2 20. Ra1 Nxc3 21.
Rxa7 N5e4+ 22. Ke1 Rxa7 23. bxc3 Nxf2 24. Kxf2 Rxc3 25. Nc6 Rc7 26. Ra1 h6 27.
Ra8+ Kh7 28. Bxb6 Rxc2+ 29. Kf3 Rc3+ 30. Kg4 R7xc6 31. bxc6 Kg6 32. g3 Rxc6 33.
Ra7 h5+ 34. Kf3 Rxb6 35. Rxe7 f6 36. Ke3 fxe5 37. fxe5 Kf5 38. Rxg7 Rb3+ 39.
Kd4 Rb4+ 40. Kc5 Rg4 41. Rh7 Kxe5 42. Rxh5+ 1/2-1/2

[Event "Oberliga Ost A 2017 2018"]
[Site "Germany"]
[Date "2018.04.15"]
[Round "11.3"]
[White "Jurasek, Miroslav"]
[Black "Salzmann, Peter"]
[Result "1/2-1/2"]
[WhiteElo "2276"]
[BlackElo "2139"]
[PlyCount "70"]
[EventDate "2017.10.22"]
[EventType "team-tourn"]
[EventCountry "GER"]
[WhiteTeam "Aue ESV Nickelhuette II"]
[BlackTeam "Dresden USV TU II"]
[WhiteTeamCountry "GER"]
[BlackTeamCountry "GER"]

1. e4 e5 2. Nf3 Nc6 3. Bb5 d6 4. d4 Bd7 5. O-O Be7 6. Re1 Nxd4 7. Nxd4 exd4 8.
Bxd7+ Qxd7 9. Qxd4 Bf6 10. Qd2 Ne7 11. c4 Qe6 12. Na3 a6 13. Rb1 O-O 14. b3
Rae8 15. Nc2 g6 16. Qb4 Qc8 17. Bh6 Nc6 18. Qd2 Bg7 19. Bxg7 Kxg7 20. f3 f5 21.
exf5 Qxf5 22. Ne3 Qc5 23. Qf2 Nb4 24. Rbd1 Nxa2 25. Rd5 Qa3 26. Rd2 Nb4 27. Ng4
Rxe1+ 28. Qxe1 h5 29. Nf2 Nc6 30. Qd1 Qc5 31. Rd5 Qe3 32. Rd3 Qc5 33. Qa1+ Qe5
34. Qd1 Re8 35. Ne4 Qb2 1/2-1/2

[Event "Oberliga Ost A 2017 2018"]
[Site "Germany"]
[Date "2018.04.15"]
[Round "11.4"]
[White "Ader, Gunter"]
[Black "Schnabel, Ralf"]
[Result "0-1"]
[WhiteElo "2036"]
[BlackElo "2225"]
[PlyCount "46"]
[EventDate "2017.10.22"]
[EventType "team-tourn"]
[EventCountry "GER"]
[WhiteTeam "Dresden USV TU II"]
[BlackTeam "Aue ESV Nickelhuette II"]
[WhiteTeamCountry "GER"]
[BlackTeamCountry "GER"]

1. e4 Nf6 2. e5 Nd5 3. Nf3 d6 4. exd6 cxd6 5. d4 g6 6. Be2 Bg7 7. O-O O-O 8. c4
Nb6 9. Be3 Nc6 10. Nc3 Bg4 11. b3 d5 12. c5 Nc8 13. h3 Bxf3 14. Bxf3 e6 15. a3
N8e7 16. g4 f5 17. Qd2 f4 18. Bxf4 g5 19. Bxd5 Nxd5 20. Bxg5 Nxd4 21. f4 Qd7
22. Nxd5 Qxd5 23. Rad1 Nf3+ 0-1

[Event "Oberliga Ost A 2017 2018"]
[Site "Germany"]
[Date "2018.04.15"]
[Round "11.5"]
[White "Heinz, Juergen"]
[Black "Oehl, Tim"]
[Result "1-0"]
[WhiteElo "2222"]
[BlackElo "2157"]
[PlyCount "71"]
[EventDate "2017.10.22"]
[EventType "team-tourn"]
[EventCountry "GER"]
[WhiteTeam "Aue ESV Nickelhuette II"]
[BlackTeam "Dresden USV TU II"]
[WhiteTeamCountry "GER"]
[BlackTeamCountry "GER"]

1. c4 f5 2. d4 Nf6 3. Nc3 e6 4. Nf3 Be7 5. g3 O-O 6. Bg2 d6 7. O-O Ne4 8. Qd3
Nxc3 9. bxc3 Nc6 10. e4 e5 11. Ba3 Qe8 12. dxe5 dxe5 13. Bxe7 Qxe7 14. exf5
Bxf5 15. Qe3 Rae8 16. Rfe1 Qf6 17. Nd2 Re7 18. Be4 h5 19. h4 b6 20. c5 Na5 21.
Re2 Bg4 22. f3 Be6 23. Qd3 g5 24. hxg5 Qxg5 25. Bd5 Kh8 26. Ne4 Qg6 27. Bxe6
Rxe6 28. Rh2 Nb7 29. g4 Rg8 30. Kf2 Rd8 31. Qe3 Qg7 32. Rxh5+ Kg8 33. Rah1 Nxc5
34. Nxc5 bxc5 35. Qe4 Rde8 36. Rh7 1-0

[Event "Oberliga Ost A 2017 2018"]
[Site "Germany"]
[Date "2018.04.15"]
[Round "11.6"]
[White "Verhulst, Nicolaas"]
[Black "Floeter, Frank"]
[Result "0-1"]
[WhiteElo "2070"]
[BlackElo "2123"]
[PlyCount "144"]
[EventDate "2017.10.22"]
[EventType "team-tourn"]
[EventCountry "GER"]
[WhiteTeam "Dresden USV TU II"]
[BlackTeam "Aue ESV Nickelhuette II"]
[WhiteTeamCountry "GER"]
[BlackTeamCountry "GER"]

1. e4 Nf6 2. Nc3 d5 3. exd5 Nxd5 4. Bc4 e6 5. Nf3 Be7 6. O-O O-O 7. d4 b6 8.
Ne4 Bb7 9. Re1 h6 10. Ne5 Nd7 11. c3 N5f6 12. Nxf6+ Nxf6 13. Qc2 Bd5 14. Bd3 c5
15. c4 Bb7 16. dxc5 Bxc5 17. Bf4 Nh5 18. Rad1 Qf6 19. Bc1 Rfd8 20. Nd7 Qe7 21.
Nxc5 Qxc5 22. a3 Nf6 23. Bf4 Qc6 24. f3 Qe8 25. b4 Rac8 26. Qb3 a6 27. Be5 Bc6
28. Qb2 Qe7 29. Bc2 Ne8 30. Bb3 Rxd1 31. Rxd1 Rd8 32. Rxd8 Qxd8 33. Qd4 Qxd4+
34. Bxd4 b5 35. Be5 Kf8 36. Kf2 Ke7 37. Ke3 f6 38. Bb8 e5 39. g3 Kd7 40. cxb5
axb5 41. f4 Kc8 42. Ba7 Nd6 43. Bc5 Kd7 44. Kd3 Be4+ 45. Kc3 Bc6 46. Bd1 Ne4+
47. Kb3 Bd5+ 48. Kb2 Nxc5 49. bxc5 Kc6 50. a4 b4 51. Be2 Kxc5 52. a5 exf4 53.
gxf4 g5 54. fxg5 hxg5 55. Bd3 Be6 56. a6 Kb6 57. Bf1 f5 58. Kc2 Bc8 59. a7 Bb7
60. Kb3 Kc5 61. Bc4 f4 62. Bf1 Bd5+ 63. Ka4 b3 64. Ka3 Kd4 65. Kb2 f3 66. Bh3
Ke3 67. Be6 Ba8 68. Kxb3 Kf2 69. Kc4 Kg1 70. Kd4 f2 71. Bc4 Kxh2 72. Ke5 g4 0-1

[Event "Oberliga Ost A 2017 2018"]
[Site "Germany"]
[Date "2018.04.15"]
[Round "11.8"]
[White "Richter, Philipp"]
[Black "Kubikova, Hana"]
[Result "1/2-1/2"]
[WhiteElo "1795"]
[BlackElo "2050"]
[PlyCount "120"]
[EventDate "2017.10.22"]
[EventType "team-tourn"]
[EventCountry "GER"]
[WhiteTeam "Dresden USV TU II"]
[BlackTeam "Aue ESV Nickelhuette II"]
[WhiteTeamCountry "GER"]
[BlackTeamCountry "GER"]

1. d4 Nf6 2. c4 d6 3. Nc3 g6 4. e4 Bg7 5. Be2 O-O 6. Bg5 h6 7. Be3 c6 8. Qd2
Kh7 9. h4 e5 10. d5 c5 11. Nh3 Ng4 12. Bxg4 Bxg4 13. f3 Bxh3 14. Rxh3 a6 15. a4
Nd7 16. g4 Qe7 17. Ne2 b5 18. h5 g5 19. axb5 axb5 20. Rxa8 Rxa8 21. cxb5 Nb6
22. Nc3 Qd8 23. Kf2 Ra1 24. Kg2 Bf6 25. Rh1 Ra7 26. b3 Qa8 27. Rb1 Bd8 28. Rb2
Nd7 29. Qe2 Ba5 30. Na4 Qb7 31. Bd2 Bxd2 32. Rxd2 Ra5 33. Nc3 Ra3 34. Rb2 Nb6
35. Qc2 c4 36. b4 Rxc3 37. Qxc3 Na4 38. Qxc4 Nxb2 39. Qb3 Qxb5 40. Qxb2 Kg7 41.
Kf2 Qb6+ 42. Ke2 Qg1 43. Qc3 Qb1 44. Kd2 Kf6 45. Qc4 Qb2+ 46. Ke3 Qa3+ 47. Kf2
Qb2+ 48. Kg3 Qb1 49. Kf2 Qb2+ 50. Ke3 Qa3+ 51. Kd2 Qb2+ 52. Kd3 Qf2 53. b5
Qxf3+ 54. Kc2 Qf2+ 55. Kb3 Qe3+ 56. Ka4 Qa7+ 57. Kb4 Qe3 58. Qc6 Qe1+ 59. Ka4
Qa1+ 60. Kb4 Qe1+ 1/2-1/2

[Event "Oberliga Ost A 2017 2018"]
[Site "Germany"]
[Date "2018.04.15"]
[Round "11.2"]
[White "Schweitzer, Andreas"]
[Black "Matthey, Harald"]
[Result "1/2-1/2"]
[WhiteElo "2228"]
[BlackElo "2108"]
[PlyCount "20"]
[EventDate "2017.10.22"]
[EventType "team-tourn"]
[EventCountry "GER"]
[WhiteTeam "Coswig TuS"]
[BlackTeam "Dessau SK"]
[WhiteTeamCountry "GER"]
[BlackTeamCountry "GER"]

1. e4 b6 2. d4 Bb7 3. Bd3 e6 4. Nc3 g6 5. Be3 Bg7 6. Nge2 Ne7 7. Qd2 Nbc6 8. a3
a6 9. f3 b5 10. Nd1 O-O 1/2-1/2

[Event "Oberliga Ost A 2017 2018"]
[Site "Germany"]
[Date "2018.04.15"]
[Round "11.4"]
[White "Mueller, Richard"]
[Black "Erler, Rainer"]
[Result "1-0"]
[WhiteElo "2161"]
[BlackElo "2100"]
[PlyCount "73"]
[EventDate "2017.10.22"]
[EventType "team-tourn"]
[EventCountry "GER"]
[WhiteTeam "Coswig TuS"]
[BlackTeam "Dessau SK"]
[WhiteTeamCountry "GER"]
[BlackTeamCountry "GER"]

1. d4 d5 2. c4 e6 3. cxd5 exd5 4. Nc3 c5 5. Nf3 Nc6 6. g3 Nf6 7. Bg2 Be7 8. O-O
O-O 9. Bg5 cxd4 10. Nxd4 Bg4 11. Rc1 Qd7 12. Nxc6 bxc6 13. Na4 Rfe8 14. Re1
Rac8 15. Be3 Bb4 16. Bd2 Bd6 17. Nc5 Qe7 18. Be3 Nd7 19. Nxd7 Qxd7 20. Qd2 Qb7
21. Bc5 Be5 22. b3 Rcd8 23. Qc2 Qa6 24. e3 Bb8 25. Bd4 Rd6 26. Qc3 Rg6 27. e4
dxe4 28. Rxe4 Rc8 29. Rce1 h5 30. Bf1 Qb7 31. Re7 Rc7 32. Re8+ Kh7 33. Bd3 f5
34. Bc4 Rd7 35. Bg8+ Kh6 36. Be6 Re7 37. Rh8+ 1-0

[Event "Oberliga Ost A 2017 2018"]
[Site "Germany"]
[Date "2018.04.15"]
[Round "11.5"]
[White "Ozeran, Volodymyr"]
[Black "Escher, Thomas"]
[Result "0-1"]
[WhiteElo "2087"]
[BlackElo "2150"]
[PlyCount "86"]
[EventDate "2017.10.22"]
[EventType "team-tourn"]
[EventCountry "GER"]
[WhiteTeam "Dessau SK"]
[BlackTeam "Coswig TuS"]
[WhiteTeamCountry "GER"]
[BlackTeamCountry "GER"]

1. d4 d5 2. Nf3 Nc6 3. g3 Bg4 4. Bg2 Qd7 5. O-O O-O-O 6. Bf4 f6 7. Nc3 g5 8.
Be3 Bh3 9. Nd2 Bxg2 10. Kxg2 h5 11. h3 Nh6 12. Nb3 e6 13. f3 g4 14. fxg4 hxg4
15. Bxh6 gxh3+ 16. Kh2 Rxh6 17. e3 Bd6 18. Ne2 Rg8 19. Rg1 Ne7 20. Nc5 Bxc5 21.
dxc5 Nf5 22. Qd3 Rhg6 23. Raf1 Rg4 24. Rf4 Rxf4 25. exf4 Nh6 26. Kxh3 Ng4 27.
Kg2 d4 28. Kf1 Rd8 29. Ke1 Qd5 30. Qb3 Qc6 31. Kd2 e5 32. Kc1 Ne3 33. Kb1 Qxc5
34. Rc1 Nc4 35. Ka1 e4 36. Rd1 b5 37. g4 a5 38. Rh1 a4 39. Qg3 Qb4 40. b3 Qd2
41. Qg2 Nd6 42. Kb1 d3 43. cxd3 a3 0-1

[Event "Oberliga Ost A 2017 2018"]
[Site "Germany"]
[Date "2018.04.15"]
[Round "11.8"]
[White "Piotraschke, Jens"]
[Black "Pannier, Thomas"]
[Result "1/2-1/2"]
[WhiteElo "2145"]
[BlackElo "1701"]
[PlyCount "30"]
[EventDate "2017.10.22"]
[EventType "team-tourn"]
[EventCountry "GER"]
[WhiteTeam "Coswig TuS"]
[BlackTeam "Dessau SK"]
[WhiteTeamCountry "GER"]
[BlackTeamCountry "GER"]

1. d4 d5 2. Nf3 Nf6 3. c4 e6 4. g3 b6 5. Bg2 Bb7 6. O-O Be7 7. Qc2 dxc4 8. Qxc4
O-O 9. Nc3 Nbd7 10. Bf4 c5 11. dxc5 Nxc5 12. Rfd1 Qc8 13. a4 Nce4 14. Qxc8
Raxc8 15. Nxe4 Bxe4 1/2-1/2

[Event "Oberliga Ost A 2017 2018"]
[Site "Germany"]
[Date "2018.04.15"]
[Round "11.1"]
[White "Kuraszkiewicz, Michael"]
[Black "Zwahr, Paul"]
[Result "1-0"]
[WhiteElo "2303"]
[BlackElo "2306"]
[PlyCount "109"]
[EventDate "2017.10.22"]
[EventType "team-tourn"]
[EventCountry "GER"]
[WhiteTeam "Plauen SK Koenig"]
[BlackTeam "Dresden SG Gruen Weiss"]
[WhiteTeamCountry "GER"]
[BlackTeamCountry "GER"]

1. d4 Nf6 2. c4 g6 3. g3 Bg7 4. Bg2 O-O 5. Nf3 d6 6. O-O Nc6 7. Nc3 a6 8. b3
Rb8 9. d5 Na5 10. Bg5 c5 11. dxc6 Nxc6 12. Rc1 h6 13. Bd2 Be6 14. Ne1 Kh7 15.
Nd3 Bd7 16. c5 Ne5 17. Nxe5 dxe5 18. b4 Qc7 19. Nd5 Nxd5 20. Bxd5 Rbd8 21. Qb3
Bb5 22. Bc3 Bxe2 23. Rfe1 Bg4 24. Bxf7 Rd3 25. Be6 Bf3 26. Bc4 Qd7 27. Bxd3
Qxd3 28. Bxe5 Qf5 29. Rc3 Bc6 30. f4 Rd8 31. Qc2 Qd7 32. Rc4 Qd5 33. Rce4 Bxe5
34. fxe5 Rf8 35. Qc4 Qd2 36. R4e2 Qg5 37. Rf2 Rxf2 38. Kxf2 Kg7 39. Qf4 Qh5 40.
Kg1 Qh3 41. Qf2 Qe6 42. Rf1 g5 43. h4 gxh4 44. gxh4 Qxe5 45. Qf7+ Kh8 46. Qf8+
Kh7 47. Rf7+ Kg6 48. h5+ Kg5 49. Qxe7+ Qxe7 50. Rxe7 Kxh5 51. Rg7 Kh4 52. Kh2
h5 53. a4 Bxa4 54. Rxb7 Kg5 55. Rb6 1-0

[Event "Oberliga Ost A 2017 2018"]
[Site "Germany"]
[Date "2018.04.15"]
[Round "11.2"]
[White "Gehmlich, Marcel"]
[Black "Sandner, Gunter"]
[Result "1/2-1/2"]
[WhiteElo "2187"]
[BlackElo "2255"]
[PlyCount "120"]
[EventDate "2017.10.22"]
[EventType "team-tourn"]
[EventCountry "GER"]
[WhiteTeam "Dresden SG Gruen Weiss"]
[BlackTeam "Plauen SK Koenig"]
[WhiteTeamCountry "GER"]
[BlackTeamCountry "GER"]

1. c4 e6 2. Nf3 d5 3. b3 c5 4. cxd5 exd5 5. Bb2 Nf6 6. g3 Nc6 7. Bg2 d4 8. O-O
Be7 9. e3 O-O 10. Na3 Bg4 11. h3 Bh5 12. exd4 cxd4 13. g4 Bg6 14. Nc4 Rc8 15.
d3 Nd5 16. Nxd4 Nxd4 17. Bxd4 Nf4 18. Bxa7 Bxd3 19. Bb6 Qe8 20. Re1 Bxc4 21.
bxc4 Nxg2 22. Kxg2 Qc6+ 23. Qf3 Bb4 24. Qxc6 Rxc6 25. c5 Bxe1 26. Rxe1 Re6 27.
Rd1 Rfe8 28. a4 f6 29. a5 Kf7 30. Rd7+ R8e7 31. Rd8 g5 32. Rb8 Kg6 33. Kg3 h5
34. gxh5+ Kxh5 35. Rh8+ Kg6 36. Ra8 Kf5 37. a6 bxa6 38. Rxa6 Rc6 39. Ra8 Re4
40. Ra3 Rc4 41. Rf3+ Kg6 42. Rd3 Kf5 43. Rf3+ Ke5 44. Re3+ Kd5 45. Rd3+ Rd4 46.
Rxd4+ Kxd4 47. f4 Ke3 48. fxg5 f5 49. Ba5 f4+ 50. Kg4 f3 51. Be1 Rxc5 52. g6
Rc4+ 53. Kf5 Rf4+ 54. Kg5 f2 55. Bxf2+ Rxf2 56. g7 Rg2+ 57. Kf6 Kf4 58. Kf7
Rxg7+ 59. Kxg7 Kg3 60. h4 Kxh4 1/2-1/2